LEADER 03707nam 22008415 450 001 9910510604603321 005 20251226203649.0 010 $a3-642-21387-1 024 7 $a10.1007/978-3-642-21387-8 035 $a(CKB)2670000000083965 035 $a(SSID)ssj0000530653 035 $a(PQKBManifestationID)11326469 035 $a(PQKBTitleCode)TC0000530653 035 $a(PQKBWorkID)10568461 035 $a(PQKB)11575808 035 $a(DE-He213)978-3-642-21387-8 035 $a(MiAaPQ)EBC3066786 035 $a(PPN)153867930 035 $a(Association for Computing Machinery)10.5555/2022090 035 $a(EXLCZ)992670000000083965 100 $a20110607d2011 u| 0 101 0 $aeng 135 $aurnn#008mamaa 181 $ctxt 182 $cc 183 $acr 200 10$aDistributed Applications and Interoperable Systems $e11th IFIP WG 6.1 International Conference, DAIS 2011, Reykjavik, Iceland, June 6-9, 2011, Proceedings /$fedited by Pascal Felber, Romain Rouvoy 205 $a1st ed. 2011. 210 1$aBerlin, Heidelberg :$cSpringer Berlin Heidelberg :$cImprint: Springer,$d2011. 215 $a1 online resource (XII, 304 p.) 225 1 $aComputer Communication Networks and Telecommunications,$x2945-9184 ;$v6723 300 $aBibliographic Level Mode of Issuance: Monograph 311 08$a3-642-21386-3 320 $aIncludes bibliographical references. 330 $aThis book constitutes the refereed proceedings of the 11th IFIP WG 6.1 International Conference on Distributed Applications and Interoperable Systems, DAIS 2011, held in Reykjavik, Iceland, in June 2011 as one of the DisCoTec 2011 events.  The 18 revised full papers and 6 short papers presented were carefully reviewed and selected from 55 submissions. The papers presented at DAIS 2011 address key challenges of modern distributed services and applications, including pervasiveness and peer-to-peer environments, and tackle issues related to adaptation, interoperability, availability and performance, as well as dependability and security. 410 0$aComputer Communication Networks and Telecommunications,$x2945-9184 ;$v6723 606 $aComputer networks 606 $aSoftware engineering 606 $aApplication software 606 $aUser interfaces (Computer systems) 606 $aHuman-computer interaction 606 $aInformation storage and retrieval systems 606 $aComputers 606 $aComputer Communication Networks 606 $aSoftware Engineering 606 $aComputer and Information Systems Applications 606 $aUser Interfaces and Human Computer Interaction 606 $aInformation Storage and Retrieval 606 $aHardware Performance and Reliability 615 0$aComputer networks. 615 0$aSoftware engineering. 615 0$aApplication software. 615 0$aUser interfaces (Computer systems) 615 0$aHuman-computer interaction. 615 0$aInformation storage and retrieval systems. 615 0$aComputers. 615 14$aComputer Communication Networks. 615 24$aSoftware Engineering. 615 24$aComputer and Information Systems Applications. 615 24$aUser Interfaces and Human Computer Interaction. 615 24$aInformation Storage and Retrieval. 615 24$aHardware Performance and Reliability. 676 $a004.6 701 $aFelber$b Pascal$01761452 701 $aRouvoy$b Romain$0979413 712 12$aDAIS (Conference) 801 0$bMiAaPQ 801 1$bMiAaPQ 801 2$bMiAaPQ 906 $aBOOK 912 $a9910510604603321 996 $aDistributed applications and interoperable systems$94200899 997 $aUNINA